000 00547nam a2200193Ia 4500
999 _c14856
_d14856
003 OSt
005 20201023131711.0
008 190216s9999||||xx |||||||||||||| ||und||
020 _a9788130906553
040 _coclc
082 _a823.912
_bBLO/E
100 _aBloom, Harold
_95352
245 4 _aErnest Hemingway's The Old Man And The Sea /
_cHarold Bloom
250 _a2nd Ed.
260 _bViva Book ,
_c2010.
_aNew Delhi:
300 _a205p
650 _aEnglish
942 _cBK
_2ddc
_h823.912
_iBLO/E
_k823.912
_mBLO/E